The Fall of the Towers / (Record no. 5060)

MARC details
000 -LEADER
fixed length control field 01068nam a22002537a 4500
001 - CONTROL NUMBER
control field 5060
003 - CONTROL NUMBER IDENTIFIER
control field FISKH
005 - DATE AND TIME OF LATEST TRANSACTION
control field 20241104122847.0
008 - FIXED-LENGTH DATA ELEMENTS--GENERAL INFORMATION
fixed length control field 241104b cb ||||| |||| 00| 0 eng d
020 ## - INTERNATIONAL STANDARD BOOK NUMBER
International Standard Book Number 9781400031320
040 ## - CATALOGING SOURCE
Original cataloging agency FISKH
Language of cataloging eng
Transcribing agency FISKH
Modifying agency FISKH
050 ## - LIBRARY OF CONGRESS CALL NUMBER
Classification number PS3554.E437
082 ## - DEWEY DECIMAL CLASSIFICATION NUMBER
Classification number 813.54
100 ## - MAIN ENTRY--PERSONAL NAME
Personal name Delany, Samuel r.
245 ## - TITLE STATEMENT
Title The Fall of the Towers /
Statement of responsibility, etc. by Samuel R. Delany
260 ## - PUBLICATION, DISTRIBUTION, ETC.
Place of publication, distribution, etc. New York :
Name of publisher, distributor, etc. Vitage Books ;
Date of publication, distribution, etc. 1963.
300 ## - PHYSICAL DESCRIPTION
Extent 438 pages :
Other physical details illustrations ;
Dimensions 20 cm .
490 ## - SERIES STATEMENT
Series statement The Fall of the Towers
Volume/sequential designation Omnibus 01-03
520 ## - SUMMARY, ETC.
Summary, etc. Come and enter Samuel Delany's tomorow, in this trilogy of high adventure, with acrobats and urchins, criminals and courtiers, fishermen and factory-workers, madmen and mind-readers, dwarves and ducheses, giants and geniuses, merchants and mathematicians, soldiers and scholars, pirates and poets, and a gallery of aliens who fly, crawl, burrow, or swim.
650 ## - SUBJECT ADDED ENTRY--TOPICAL TERM
Topical term or geographic name entry element post-apocalyptic
Form subdivision science fiction
700 ## - ADDED ENTRY--PERSONAL NAME
Personal name Hamilton, James
Relator term Photographer
942 ## - ADDED ENTRY ELEMENTS (KOHA)
Source of classification or shelving scheme Dewey Decimal Classification
Koha item type Books
Suppress in OPAC No
Holdings
Withdrawn status Lost status Source of classification or shelving scheme Damaged status Not for loan Collection Home library Current library Shelving location Date acquired Total Checkouts Full call number Barcode Date last seen Price effective from Koha item type
    Dewey Decimal Classification     Fiction Footprints International School Library Network Toul Kork Campus Footprints International School Library Network Toul Kork Campus TTP Secondary Fiction Bookshelves 11/04/2024   DEL 813.54 PS3554.E437 FISSE04474 11/04/2024 11/04/2024 Books